00941nam a22002417a 45000010005000000030006000050050017000110080041000280200018000690400029000870500008001160820011001241000023001352450023001582600048001813000034002295050007002635200333002705210027006035210018006306500019006486500032006679416FISKH20260106105030.0260106b cb ||||| |||| 00| 0 eng d a9789386410511 aFISKHbengcFISKHdFISKH aPZ7 a599.36 aAnonymous eAuthor aIt's me a rabbit / aNew Delhi :bOm Books International ,c2019 a24 pages :bpictures ;c28 cm aN  aWhy do rabbits have long ears? Where do rabbits live? Why are rabbits easy to scare? How do rabbits communicate with each other? This is the perfect book for children who wish to know the answers to these questions and discover the uniqueness of these cute and fury creatures. This brilliant book also includes fun activities. 8 a550 bLexile estimate 8 aN bRaz-Plus  aFacts vRabbit aUniqueness vFury creature